| 000 | 02005nam0a2200337 4500 | ||
|---|---|---|---|
| 001 | RU\NLR\bibl\1235344 | ||
| 005 | 20260628211236.0 | ||
| 010 |
_a978-5-7992-0432-7 _93000 |
||
| 021 |
_aRU _b2008-26711 _91475 |
||
| 035 | _a(NLR Aleph) 001221586 | ||
| 090 |
_a141854 _c141854 |
||
| 100 | _a20080602d2007 |||y0rusy50 ca | ||
| 101 | 0 | _arus | |
| 102 | _aRU | ||
| 105 | _aa ||||||||| | ||
| 200 | 1 |
_aИстория Свято-Михайло-Афонской Закубанской общежительной пустыни _f[авт.-сост.: монах Прокопий, в миру Леонов Михаил Николаевич] |
|
| 210 |
_aМайкоп _cОАО "Полиграфиздат "Адыгея" _d2007 |
||
| 215 |
_a247, [1] с., [16] л. цв. ил., портр. _cил., портр., факс. _d22 |
||
| 300 | _aПосвящается: 450-летию воссоединения России и Восточной Черкесии; 150-летию основания крепости Майкоп; 130-летию основания Свято-Михайловского монастыря | ||
| 320 | _aБиблиогр.: с. 210-213 (68 назв.) | ||
| 601 | 0 | 2 |
_aСвято-Михайлова Закубанская мужская Афонская общежитейная пустынь _cПобеда, поселок; Республика Адыгея _92528365 _3RU\NLR\auth\661497770 |
| 686 | _aЭ372.24-647.2 | ||
| 702 | 0 |
_4220 _7ca _8rus _aПрокопий _cЛеонов, Михаил Николаевич _cмонах _f1957- _9120752 _3RU\NLR\auth\7710994 |
|
| 712 | 0 | 2 |
_4570 _aСвято-Михайлова Закубанская мужская Афонская общежитейная пустынь _cпос. Победа, Республика Адыгея _3RU\NLR\AUTH\8810119473 _9737537 |
| 801 | 0 |
_aRU _bNLR _c20080602 _gRCR |
|
| 801 | 1 |
_aRU _bNLR _c20080602 |
|
| 942 | _cBOOK | ||
| 980 | _aNB | ||